000 01914cam a22005054i 4500
003 PE-LiUPU
005 20250731173536.0
008 150616s r 000 0 d
020 _a0801020204
035 _a(Sirsi) i9780801020209
040 _aPE-LiUPU
_bspa
_cPE-LiUPU
_erda
049 _aPRUA
082 0 4 _a261.8344
_bW92
_221
100 1 _aKostenberger, Andreas J.,
_eautor.
245 1 0 _aWomen in the Church.
264 1 _aGrand Rapids, Michigan :
_bBaker Books,
_c1995.
300 _a334 páginas ;
_c23 centímetros
336 _atext
_2rdacontent
337 _aunmediated
_2rdamedia
338 _avolume
_2rdacarrier
504 _aIncluye bibliografía.
505 0 _aA foreign world: Ephesus in the first century.- A certain kind of letter.- A difficult word.- Etc.
526 _aSEG42
526 _aSEG41
526 _aSEG40
526 _aSEG39
526 _aP94
526 _aP87
526 _aP86
526 _aP85
526 _aP77
526 _aP76
526 _aP35
650 0 4 _aMUJERES EN EL CRISTIANISMO.
910 _ajck
_bjvq
_cjck
942 _2ddc
_cBOOK
949 _a261.8344 W92
_wDEWEY
_c1
_i42420
_lCCODEBUL1
_mBUL
_r0
_sY
_tBOOK
_u2015-6-16
_xTEOLOGIA
_zUNKNOWN
_0COMPRA
_o.STAFF. Colección General
949 _a261.8344 W92
_wDEWEY
_c2
_i50641
_lCCODEBUL1
_mBUL
_r0
_sY
_tBOOK
_u2015-6-16
_xTEOLOGIA
_zUNKNOWN
_0COMPRA
_o.STAFF. Colección General
994 _aC0
_bPEPRU
596 _a1
999 _a261.8344 W92
_wDEWEY
_c60257
_i42420
_f2021-11-10
_g5
_lCCODEBUL1
_mBUL
_r0
_sY
_tBOOK
_u2015-6-16
_xTEOLOGIA
_zUNKNOWN
_0COMPRA
_o.STAFF. Colección General
_d60257
999 _a261.8344 W92
_wDEWEY
_c2
_i50641
_d2019-6-18
_e2019-6-13
_f2021-11-10
_g5
_lCCODEBUL1
_mBUL
_n10
_r0
_sY
_tBOOK
_u2015-6-16
_xTEOLOGIA
_zUNKNOWN
_0COMPRA
_o.STAFF. Colección General
980 _81
_gALBERTO SANCHEZ Responsable de Automatización